| 000 | 00576nam a2200193Ia 4500 | ||
|---|---|---|---|
| 005 | 20260601193224.0 | ||
| 008 | 260601s9999||||xx |||||||||||||| ||und|| | ||
| 020 |
_a978-3-031-44706-8 _qebk |
||
| 100 | _aVanita Garg | ||
| 245 | 0 | _aWomen in Soft Computing | |
| 250 | _a2024 | ||
| 260 |
_aHeidelberg, Germany _bSpringer Nature _c2024 |
||
| 440 | _aWomen in Engineering and Science | ||
| 650 | _aComputer Science | ||
| 700 | _aKusum Deep | ||
| 700 | _aValentina E. Balas | ||
| 856 | _uhttps://link.springer.com/openurl?genre=book&isbn=978-3-031-44706-8 | ||
| 942 |
_cEB _2ddc |
||
| 999 |
_c55888 _d55888 |
||